| 000 | 00696nam a2200241Ia 4500 | ||
|---|---|---|---|
| 003 | OSt | ||
| 005 | 20220918111522.0 | ||
| 006 | a|||||r|||| 00| 0 | ||
| 007 | cj aa aaaaa | ||
| 008 | 220917b |||||||| |||| 00| 0 eng d | ||
| 024 | _a106011 | ||
| 037 | _cDigitized Books | ||
| 040 |
_aARTS _cARTS _beng |
||
| 041 |
_2eng _aeng |
||
| 082 | _a"V2:8:K3, F8" | ||
| 100 |
_aFoster W _910667 |
||
| 245 | 0 | _aSupplementary calendar of documents in the India Office relating to India or to the Home Affairs of the East India company | |
| 260 | _c1928 | ||
| 300 |
_ap. _ccm. |
||
| 650 | _aHISTORY | ||
| 942 |
_h"V2:8:K3, F8" _cEBOOK _2CC |
||
| 999 |
_c116729 _d116729 |
||